Sports Quiz

Random Sports or Logo Quiz

Former College Logos Quiz Stats

Quiz Updated Jan 6, 2015

Challenge
Share
Tweet
Score 0/20 Timer 04:00
5 Plays Today
College % Correct
Florida (1992-1997)
97.6%
Duke (1966-1977)
92.7%
Maryland (1970-1986)
89.6%
Louisville (1980-2000)
88.4%
Boise State (1974-2001)
86.9%
Oregon State (1973-1985)
85.6%
Purdue (1971-1995)
83.9%
Georgia Tech (1962-1973)
70.8%
Michigan State (1966-1972)
67.9%
Tennessee (1983-1996)
67.6%
College % Correct
Iowa (1962-1970)
67.1%
Washington (1975-2000)
67%
Northwestern (1959-1967)
63.7%
Buffalo (1997-2006)
60.3%
Air Force (1959-1968)
56.6%
N.C. State (2000-2005)
55%
South Florida (1997-2002)
48%
UNLV (1980-1994)
46.6%
Nebraska (1962-1966)
25%
Army (1950-1962)
24%

You're not logged in!

Compare scores with friends on all Sporcle quizzes.
Join for Free
OR
Log In

You Might Also Like...

Show Comments

Extras

Top Quizzes Today


Score Distribution

Your Account Isn't Verified!

In order to create a playlist on Sporcle, you need to verify the email address you used during registration. Go to your Sporcle Settings to finish the process.

Report this User

Report this user for behavior that violates our Community Guidelines.

Details: